00870nam a2200157 a 450000100100000000500170001000800410002704000250006824500770009326000940017030000200026495201950028495201050047995201110058499900170069500004495520201002045747.0150122s1997 000 spa d aDO-SdBNPbspacBNPHU 0aCien Años de la Poesía Dominicana :. :bhomenaje a Salomé Ureña. aSanto Domingo, República Dominicana, :bUniversidad Autónoma de Santo Domingo,c1997. a10 p. ;c22 cm. 001054708MOaGRbGRcHDd2015-08-04iLF1l0o p44955-30r2020-06-25te. 3w2020-06-25y4zPerteneció a la biblioteca personal de Chiqui Vicioso / Fidelio Despradel.ZPréstamo en sala 001050718MOaPDbPDcHDd2015-01-22iLF1l0o p44955-10r2020-06-25w2020-06-25y1ZNo se presta 001050718MOaPDbPDcHDd2015-01-28iLF1l0o p44955-20r2020-06-25te. 2w2020-06-25y1ZNo se presta c44444d44444